000 00515nam a2200181Ia 4500
008 100917s9999 xx 000 0 und d
082 _b58182
100 _aचिपळूणकर विष्णुशास्त्री
245 _aइतिहास
260 _bचित्रशाळा प्रकाशन
_c1950
300 _a56
365 _b1
520 _aनिबंध
630 _aइतिहास
650 _aनिबंध
730 _aइतिहास
942 _cBOOK
999 _c663576
_d663573